Statistics for Three Letter Animals Quiz

Click here to take the quiz!

General Stats

  • This quiz has been taken 221,718 times
    (176,623 since last reset)
  • The average score is 13 of 51

Answer Stats

AnimalWhat Is It?% Correct
Dog
98%
Cat
98%
Pig
68%
Rat
65%
Cow
65%
Ant
64%
Bat
59%
Bee
43%
Fly
39%
Bug
35%
Fox
34%
Owl
33%
Hen
32%
Ape
31%
Hog
30%
Eel
28%
Emu
27%
Ewe
27%
Doe
26%
Pup
24%
Elk
24%
YakHimalayan ox
23%
Sow
22%
KitYoung fox
21%
GnuWildebeest
20%
AssDonkey
20%
Ram
20%
KidYoung goat
20%
Cub
18%
AspType of snake
17%
CodType of fish
15%
Tit
14%
BoaType of snake
14%
Jay
10%
AukType of Artic sea bird
8%
TomMale cat
8%
KoiJapanese carp
8%
CobMale swan
8%
Ray
7%
PenFemale swan
6%
MoaGiant, extinct bird of New Zealand
5%
GarType of fish
5%
KeaBird of New Zealand
5%
AhiType of tuna
4%
GoaTibetan gazelle
4%
EftNewt
4%
FryYoung fish
4%
OnoType of fish also called ono
3%
AniType of cuckoo bird
3%
KobType of antelope
2%
TuiBird of New Zealand
2%

Score Distribution

Percentile by Number Answered

Percent of People with Each Score

Your Score History

You have not taken this quiz since the last reset